00852nam a2200217 i 450000100060000000300090000600500170001500700030003200800410003510000350007624500900011125000150020126000400021630000280025670000270028485200320031185200310034399900170037495201210039195201220051299148ES-MaACL20230906182441.0t|050902s1969 sp ||||1| spa d1 aMartín Cano, César.97742810aEnsayo sobre el silencio / cpor Cesar Martín Cano; ilustraciones de Manuel Marola. a[1ª ed.]. aOviedo : bRichard Grandio, c1969. a208 p., 2 h. : b22 cm.1 aMarola, Manuel.976953 aES-MaACLjC-38928 bR.70941 aES-MaACLjE-6074 bR.90860 c99148d99148 00104070aATENEOMbATENEOMcDEPO2d2008-01-17eSCl0oE-6074p1103513r2023-02-23 00:00:00w2023-02-23yMONOGRAFIA 00104070aATENEOMbATENEOMcDEPO2d2008-01-17eSCl0oC-38928p1103512r2023-02-23 00:00:00w2023-02-23yMONOGRAFIA